000
00323nam a22001337a 4500
008
180903b xxu||||| |||| 00| 0 eng d
020
_a
9780130144973
041
_a
eng
080
_a
574
100
_a
9
101
_a
MJE
245
_a
Elements Of The Nature And Properties Of Soils
_c
Btady ,n,c
942
_2
udc
_c
BK
999
_c
47448
_d
47448